00332pab a2200109 454500008004000000100001900040245009300059260000900152300001500161650002000176773002600196180718b2013 xxu||||| |||| 00| 0 eng d aBurnell, Peter aDemocratisation in the middle east and north africa: Perspectives from democracy support c2013 ap.838-855. aDemocratization aThird World Quarterly